Euroopan miljoonakaupungit kartalla - Statistics

Yleistilastot
  • Tätä visaa on pelattu 75 kertaa
  • Keskiarvotulos 23 / 27
Vastaukset kartalla
Vastauksille on annettu kartalla punavihreä väri sen mukaan, kuinka moni on saanut sen oikein.
 
Vastaustilastot
% Oikein
Dublin 1 263 219
100%
Lontoo 8 776 535
100%
Madrid 3 477 497
100%
Pariisi 2 103 778
100%
Rooma 2 746 984
100%
Berliini 3 685 265
98%
Milano 1 366 155
98%
Bryssel 1 255 795
97%
Kiova 2 952 301
97%
Pietari 5 652 922
97%
Varsova 1 861 599
97%
Wien 2 028 289
97%
Barcelona 1 713 247
95%
Moskova 13 274 285
94%
Praha 1 397 880
91%
Budapest 1 685 209
89%
Bukarest 1 716 961
89%
München 1 505 005
89%
Minsk 1 995 471
88%
Sofia 1 295 931
88%
Hampuri 1 862 565
77%
Belgrad 1 197 714
71%
Köln 1 024 621
68%
Birmingham 1 121 408
66%
Harkova 1 421 125
57%
Odessa 1 010 537
52%
Rostov 1 143 123
23%
Ehtoja vastaavia visoja ei löytynyt
Tulosjakauma
Jokaisen tuloksen saaneiden osuus
Persentiili vastausten määrän mukaan
Tuloshistoriasi
Et ole pelannut tätä visaa